00745nam a2200289Ia 4500008004100000020001800041050001100059050001400070100002400084245003500108245002400143245002400167250001900191260001000210260003500220260000900255300001600264300002000280300001000300500003100310650002300341650001500364650001900379650002700398700001100425999001900436170711s9999 xx 000 0 und d a9780916730017 a610.73 bB636 1976 aBlake, Sheila Lelly aDealing with death and dying : bnursing skillbook / cSheila Lelly Blake. aSecond edition aUSA : bIntermed Communications, Inc., c1976 a189 pages : billustrations ; c23cm. aIncludes answer and index. aNurse and patient. aNursing -- aTerminal care. xPsychological aspects. aTitle. c339545d339545